000
00276nam a2200121Ia 4500
008
190216s9999||||xx |||||||||||||| ||und||
100
_a
Tirthraj Sharma
245
0
_a
Hindi - Koi Karan Hoga
260
_b
Koi Karan Hoga
_c
2007
300
_a
84
650
_a
Hindi
942
_c
BK
999
_c
16440
_d
16440